00491nam a22001577a 450000500170000001000150001702000260003203500130005803700130007108200110008410000130009524500600010826000550016827000790022330000310030220130819124733.0 aENG-107846 a9789380831770c199.00 aEN-91379 bDBAD/PUB a909.81 aTeja, K. aHistory of contemporary world since 1919 /cby K. Teja  aHyderabadbStudentshelpline Publishing Housec2012 a326/C, Surneni Nilayam, near B K Guda Park, S.R. Nagar,bHyderabade500038 avarious pagingsc22cm(pbk)